Statistiken für Der Dreißigjährige Krieg

Klicken Sie hier um das Quiz zu spielen!

Allgemein

  • Dieses Quiz wurde 131 mal gespielt
  • Das Durchschnittsergebnis liegt bei 7 aus 15

Antwortstatistiken

HintAntwort% Korrekt
Der Krieg begann, als drei kaiserliche Statthalter aus einem Fenster geworfen worden. In welcher Stadt geschah dies?Prag
99%
Königsgeschlecht, welches sowohl den österreichischen als auch den spanischen Thron kontrollierteHabsburg
79%
Die erwähnten Statthalter vertraten Ferdinand II., König von Böhmen und Kaiser des...?Heiligen Römischen Reiches
66%
Moderner Begriff für einen Feldherrn, der Truppen aus dem Boden stampft und sie staatsunabhängig kontrolliertWar{lord}
65%
Feldherr, der entlassen, wieder eingesetzt und schließlich auf kaiserlichen Befehl ermordet wurdeAlbrecht von Wallenstein
62%
Vertrag, der den Krieg 1648 beendeteWestfälischer Friede
55%
Deutscher Schriftsteller, der eine Dramentrilogie über jenen Feldherrn schriebFriedrich von Schiller
48%
Schwedischer König, der bei der Schlacht von Lützen getötet wurdeGustav II. Adolf
47%
Städte, in denen er unterzeichnet wurdeMünster
44%
Zitat Catos des Älteren, welches oft auf den Dreißigjährigen Krieg angewendet wirdDer Krieg ernährt den {Krieg}
39%
Französischer Kardinal, der die protestantische Seite unterstützteRichelieu
37%
Stadt, die bei einem Feuer zerstört wurde, bei dem etwa 20 000 Menschen ihr Leben ließenMagdeburg
35%
Osnabrück
34%
Stück von 1939 von Bertolt Brecht und Margarete SteffinMutter Courage und ihre Kinder
23%
Konflikt zwischen Spanien und den Niederlanden, der schon Jahrzehnte vorher begann und mit demselben Vertrag beendet wurdeAchtzigjähriger Krieg
16%

Verteilung der Resultate

Perzentil nach korrekt beantworteten Fragen

Anzahl Personen mit jedem Resultat

Ihre Resultats-Entwicklung

Sie haben dieses Quiz noch nicht gespielt